|
|
|
|
| LEADER |
01377nam a2200301 a 4500 |
| 001 |
16643756 |
| 008 |
111003s2010 ii a b 000 0 eng d |
| 010 |
|
|
|a 2010317563
|
| 020 |
|
|
|a 9780198067733
|
| 020 |
|
|
|a 0198067739
|
| 040 |
|
|
|a DLC
|c DLC
|d DLC
|d BD-DhAAL
|
| 082 |
0 |
0 |
|a 340/.11
|2 22
|
| 999 |
|
|
|c 11300
|d 11300
|
| 999 |
|
|
|c 11300
|
| 245 |
0 |
0 |
|a Law and economics /
|c edited by Satish K. Jain.
|
| 260 |
|
|
|a New Delhi :
|b Oxford University Press,
|c 2010.
|
| 300 |
|
|
|a x, 325 p. :
|b ill. ;
|c 23 cm.
|
| 490 |
0 |
|
|a Oxford in India readings. Readers in economics
|
| 504 |
|
|
|a Includes bibliographical references.
|
| 520 |
|
|
|a Contributed articles.
|
| 541 |
1 |
|
|e 00023674
|
| 650 |
|
0 |
|a Law and economics.
|9 7562
|
| 700 |
1 |
|
|a Jain, Satish K.
|9 7563
|
| 852 |
4 |
|
|a Ayesha Abed Library
|c General shelf
|
| 942 |
|
|
|2 ddc
|c BK
|
| 952 |
|
|
|0 0
|1 0
|4 0
|6 340_110000000000000_LAW
|7 0
|9 18337
|a BRACUL
|b BRACUL
|c GEN
|d 2011-10-03
|e Book Web
|g 1334.50
|l 0
|o 340.11 LAW
|p 3010023674
|r 2011-10-03
|t 1
|w 2011-10-03
|y BK
|x Available
|
| 952 |
|
|
|0 0
|1 0
|4 0
|6 340_110000000000000_LAW
|7 0
|9 18338
|a BRACUL
|b BRACUL
|c GEN
|d 2011-10-03
|e Book Web
|g 1334.50
|l 1
|m 30
|o 340.11 LAW
|p 3010023675
|r 2017-03-04
|s 2016-06-16
|t 1
|w 2011-10-03
|y BK
|x Available
|
| 952 |
|
|
|0 0
|1 0
|4 0
|6 340_110000000000000_LAW
|7 0
|9 18339
|a BRACUL
|b BRACUL
|c GEN
|d 2011-10-03
|e Book Web
|g 1334.50
|l 2
|m 5
|o 340.11 LAW
|p 3010023676
|r 2025-07-07
|s 2025-03-06
|t 1
|w 2011-10-03
|y BK
|x Available
|